AH International Schools' Libraries

(KHMER) Gravity / (Record no. 49744)

MARC details
000 -LEADER
fixed length control field 00277nam a2200109 4500
020 ## - INTERNATIONAL STANDARD BOOK NUMBER
International Standard Book Number 9789924342304
100 ## - MAIN ENTRY--PERSONAL NAME
Personal name Prum, Kantharo
9 (RLIN) 86869
245 ## - TITLE STATEMENT
Title (KHMER) Gravity /
Statement of responsibility, etc Kantharo Prum
260 ## - PUBLICATION, DISTRIBUTION, ETC. (IMPRINT)
Place of publication, distribution, etc Cambodia
Name of publisher, distributor, etc Sipar
Date of publication, distribution, etc 2020
300 ## - PHYSICAL DESCRIPTION
Extent 16 p.
Other physical details col. ill.
Dimensions 25 cm.
942 ## - ADDED ENTRY ELEMENTS (KOHA)
Source of classification or shelving scheme
Koha item type Book
Holdings
Withdrawn status Lost status Source of classification or shelving scheme Damaged status Not for loan Collection code Home library Current library Shelving location Date acquired Total Checkouts Full call number Barcode Date last seen Price effective from Koha item type
          Siem Riep Asian Hope Siem Reap Asian Hope Siem Reap SECONDARY 11/12/2025   KHMER E PRU 209449 11/12/2025 11/12/2025 Book
          Siem Riep Asian Hope Siem Reap Asian Hope Siem Reap SECONDARY 01/08/2026   KHMER E PRU 209749 01/08/2026 01/08/2026 Book

For any Logos Library related questions please contact Miss Art at swongnarasuk@asianhope.org.

For any Asian Hope Library related questions please contact Miss Raza at graza@asianhope.org.

Powered by Koha